[Event "LXIX C.to Italiano"]
[Site "Sarre ITA"]
[Date "2009.12.01"]
[Round "8"]
[White "Rombaldoni, Denis"]
[Black "Vocaturo, Daniele"]
[Result "1-0"]
[WhiteElo "2504"]
[BlackElo "2500"]
[PlyCount "131"]
[EventDate "2009.11.23"]

1. d4 Nf6 2. c4 e6 3. Nc3 d5 4. Bg5 Be7 5. e3 O-O 6. Qc2 h6 7. Bh4 b6 8. cxd5
exd5 9. Bd3 c5 10. Nge2 Nc6 11. a3 Be6 12. O-O Qc8 13. Qa4 c4 14. Bb1 Ne8 15.
Bg3 f5 16. Nf4 Qd7 17. Ba2 Nf6 18. Nxe6 Qxe6 19. b3 cxb3 20. Qxb3 Rfd8 21. Ne2
Rac8 22. Rfc1 Na5 23. Qd3 Qd7 24. Be5 b5 25. a4 bxa4 26. Nf4 Nb3 27. Bxb3 axb3
28. Qxb3 Rxc1+ 29. Rxc1 Ne8 30. Qa2 Bg5 31. Qa6 Bxf4 32. Bxf4 Nd6 33. Rc6 Rc8
34. Rc5 Rxc5 35. dxc5 Nc8 36. c6 Qe6 37. Qb7 Ne7 38. Qb8+ Kf7 39. Qxa7 Qxc6 40.
h4 Qe6 41. h5 Kg8 42. Qc7 Nc6 43. Bg3 Qe8 44. Qd6 Qxh5 45. Qxd5+ Kh7 46. Bd6
Kh8 47. g3 Nd8 48. Bf4 Qe8 49. Qxf5 Ne6 50. Qe5 Qg6 51. e4 Nxf4 52. Qxf4 Qe6
53. Qf8+ Kh7 54. Qf5+ Qxf5 55. exf5 Kg8 56. Kg2 Kf7 57. Kf3 Kf6 58. Kf4 Ke7 59.
Ke5 Kf7 60. f3 h5 61. g4 hxg4 62. fxg4 Ke7 63. g5 Kd7 64. f6 Ke8 65. Ke6 Kf8
66. f7 1-0

[Event "LXIX C.to Italiano"]
[Site "Sarre ITA"]
[Date "2009.12.01"]
[Round "8"]
[White "Stella, Andrea"]
[Black "D'Amore, Carlo"]
[Result "1/2-1/2"]
[WhiteElo "2346"]
[BlackElo "2489"]
[PlyCount "97"]
[EventDate "2009.11.23"]

1. d4 d5 2. c4 c6 3. Nf3 Nf6 4. Nbd2 Bf5 5. Nh4 Bg6 6. Qb3 Qc7 7. Nxg6 hxg6 8.
g3 e6 9. Bg2 Nbd7 10. O-O Rd8 11. e4 dxe4 12. Nxe4 Nxe4 13. Bxe4 Nf6 14. Bg2
Rxd4 15. Be3 Bc5 16. Bxd4 Bxd4 17. Rad1 Bc5 18. Qa4 a5 19. a3 O-O 20. b4 axb4
21. axb4 Be7 22. Rb1 Nd7 23. b5 Nb6 24. Qc2 c5 25. Rfd1 Bf6 26. Qe4 Rb8 27.
Rbc1 Nc8 28. Rc2 Nd6 29. Qf4 e5 30. Qg4 Nf5 31. Rd5 Ra8 32. Be4 Nd4 33. Rd2 Qa5
34. Rd1 Qc3 35. Rd7 Rf8 36. Bd5 Qc2 37. Rxd4 exd4 38. Kg2 b6 39. Rxf7 Rxf7 40.
Qc8+ Kh7 41. Qh3+ Kg8 42. Qc8+ Kh7 43. Qh3+ Bh4 44. Qxh4+ Kg8 45. Qd8+ Kh7 46.
Qh4+ Kg8 47. Qd8+ Kh7 48. Qh4+ Kg8 49. Qd8+ 1/2-1/2

[Event "LXIX C.to Italiano"]
[Site "Sarre ITA"]
[Date "2009.12.02"]
[Round "9"]
[White "Bruno, Fabio"]
[Black "Rombaldoni, Axel"]
[Result "1-0"]
[WhiteElo "2460"]
[BlackElo "2442"]
[PlyCount "73"]
[EventDate "2009.11.23"]

1. Nf3 Nf6 2. d4 g6 3. Bg5 Bg7 4. Nbd2 d5 5. e3 O-O 6. Bd3 c5 7. c3 Nbd7 8. O-O
Qb6 9. Qb3 Qc7 10. Bf4 Qd8 11. Be2 b6 12. Rfd1 Bb7 13. h3 Ne8 14. a4 a6 15. Bg3
Nd6 16. Be5 Nxe5 17. dxe5 Nf5 18. g4 Nh6 19. c4 e6 20. a5 b5 21. cxb5 axb5 22.
Qc3 c4 23. Ne4 f5 24. exf6 Bh8 25. g5 Nf7 26. Ne5 Nxg5 27. Nxg5 Qxf6 28. f4 h6
29. Ngf3 g5 30. a6 Rxa6 31. Rxa6 Bxa6 32. Qa5 Bc8 33. Kf2 gxf4 34. exf4 Qxf4
35. Rg1+ Bg7 36. Qc7 Qf6 37. Rg6 1-0

[Event "LXIX C.to Italiano"]
[Site "Sarre ITA"]
[Date "2009.12.02"]
[Round "9"]
[White "D'Amore, Carlo"]
[Black "Rombaldoni, Denis"]
[Result "1-0"]
[WhiteElo "2489"]
[BlackElo "2504"]
[PlyCount "79"]
[EventDate "2009.11.23"]

1. e4 c6 2. d4 d5 3. e5 Bf5 4. Nd2 e6 5. Nb3 Nd7 6. Nf3 Ne7 7. Be2 Nc8 8. O-O
Be7 9. Be3 O-O 10. Ne1 Qc7 11. Bd3 Bxd3 12. Nxd3 a5 13. a4 Ncb6 14. f4 Nc4 15.
Bf2 b5 16. Nbc5 bxa4 17. Nxa4 Ncb6 18. Nac5 Nxc5 19. dxc5 Nd7 20. Ra4 Qb7 21.
Qa1 Ra6 22. Rxa5 Rfa8 23. Rxa6 Rxa6 24. Qe1 Qa8 25. Qc3 g6 26. Bd4 Qa7 27. b4
Nb8 28. g4 Ra3 29. Qd2 Kf8 30. f5 Ke8 31. fxe6 fxe6 32. Qf4 Kd7 33. Qf7 Rxd3
34. cxd3 Na6 35. b5 Nxc5 36. Rc1 Kd8 37. Qg8+ Kd7 38. bxc6+ Kc7 39. Qe8 Bg5 40.
Qf7+ 1-0

[Event "LXIX C.to Italiano"]
[Site "Sarre ITA"]
[Date "2009.12.02"]
[Round "9"]
[White "Garcia Palermo, Carlos Horacio"]
[Black "Ortega, Lexy"]
[Result "0-1"]
[WhiteElo "2475"]
[BlackElo "2459"]
[PlyCount "90"]
[EventDate "2009.11.23"]

1. d4 d5 2. Nf3 Nf6 3. c4 c6 4. e3 Bf5 5. Bd3 Bxd3 6. Qxd3 e6 7. Nc3 Bb4 8. O-O
Nbd7 9. Bd2 a5 10. a3 Be7 11. b4 dxc4 12. Qxc4 O-O 13. bxa5 Rxa5 14. a4 Qa8 15.
Rab1 Nd5 16. Nxd5 exd5 17. Qb3 Ra7 18. a5 Bd6 19. Rfc1 Re8 20. g3 h6 21. Rc2
Rb8 22. Qd3 Bc7 23. e4 Bxa5 24. Bf4 dxe4 25. Qxe4 Re8 26. Qf5 b5 27. Be3 Bb6
28. Rbc1 Rc8 29. h4 b4 30. Nd2 Nf8 31. Nc4 Ra6 32. Rb2 Bc7 33. Rxb4 Ne6 34. Qg4
Rd8 35. Ne5 c5 36. Rbc4 cxd4 37. Nxf7 dxe3 38. Nxd8 exf2+ 39. Kxf2 Bb6+ 40. Ke1
Bxd8 41. Re4 Bc7 42. Kf2 Bxg3+ 43. Kxg3 Qb8+ 44. Kh3 Ra3+ 45. Kg2 Ra2+ 0-1

[Event "LXIX C.to Italiano"]
[Site "Sarre ITA"]
[Date "2009.12.02"]
[Round "9"]
[White "Genocchio, Daniele"]
[Black "Stella, Andrea"]
[Result "1/2-1/2"]
[WhiteElo "2464"]
[BlackElo "2346"]
[PlyCount "56"]
[EventDate "2009.11.23"]

1. Nf3 Nf6 2. c4 e6 3. Nc3 c5 4. g3 b6 5. Bg2 Bb7 6. O-O Be7 7. Re1 d5 8. Ne5
Nbd7 9. Qa4 Bd6 10. cxd5 Nxd5 11. Nxd5 Bxd5 12. e4 Bb7 13. d4 Bxe5 14. dxe5 Qc7
15. f4 O-O 16. Rd1 Bc6 17. Qc2 Rad8 18. Be3 Nb8 19. a3 Bb5 20. b4 Na6 21. Qc3
Rxd1+ 22. Rxd1 Rd8 23. Bf3 Rxd1+ 24. Bxd1 cxb4 25. Qxc7 Nxc7 26. axb4 Bd3 27.
Bf3 Nb5 28. Bd2 Nd4 1/2-1/2

[Event "LXIX C.to Italiano"]
[Site "Sarre ITA"]
[Date "2009.12.02"]
[Round "9"]
[White "Valsecchi, Alessio"]
[Black "Brunello, Sabino"]
[Result "1-0"]
[WhiteElo "2336"]
[BlackElo "2507"]
[PlyCount "111"]
[EventDate "2009.11.23"]

1. e4 c6 2. c4 d5 3. exd5 cxd5 4. cxd5 Nf6 5. Nc3 Nxd5 6. Nf3 e6 7. Bb5+ Bd7 8.
Qe2 Nf4 9. Qc4 Bxb5 10. Qxb5+ Qd7 11. Qxd7+ Nxd7 12. d4 Bd6 13. Bxf4 Bxf4 14.
d5 O-O-O 15. dxe6 Rhe8 16. O-O Rxe6 17. Nd5 Bh6 18. Nd4 Re5 19. Nf5 Kb8 20.
Nde3 Bxe3 21. Nxe3 Nb6 22. Rfd1 Rxd1+ 23. Rxd1 Kc7 24. g3 a5 25. Rd4 h5 26. Kf1
g6 27. h4 Kc6 28. Ke2 Rb5 29. Rd2 Nd5 30. b3 Nc3+ 31. Kd3 Nd5 32. Nc4 f6 33.
Re2 Nc7 34. Rc2 Kd7 35. Ne3 Na6 36. Rd2 Nb4+ 37. Ke4+ Ke6 38. Nc4 Nd5 39. a4
Nc3+ 40. Kd3 Rxb3 41. Nxa5 Ra3 42. Nc4 Rxa4 43. Kxc3 g5 44. Rd6+ Kf5 45. Rd4
Ra2 46. Ne3+ Ke6 47. f4 Rh2 48. f5+ Kf7 49. Rd7+ Kf8 50. hxg5 fxg5 51. Rxb7 Rh3
52. Kd4 Rxg3 53. Nc4 h4 54. Ne5 h3 55. f6 h2 56. Rb8# 1-0

[Event "LXIX C.to Italiano"]
[Site "Sarre ITA"]
[Date "2009.12.02"]
[Round "9"]
[White "Vocaturo, Daniele"]
[Black "Godena, Michele"]
[Result "1/2-1/2"]
[WhiteElo "2500"]
[BlackElo "2537"]
[PlyCount "154"]
[EventDate "2009.11.23"]

1. e4 e5 2. Nf3 Nc6 3. Bc4 Bc5 4. c3 Nf6 5. d3 O-O 6. O-O d5 7. exd5 Nxd5 8.
Re1 Bg4 9. h3 Bh5 10. Nbd2 Nb6 11. b4 Bd6 12. Bb3 Kh8 13. Ne4 f6 14. a4 a6 15.
Ng3 Bf7 16. Bxf7 Rxf7 17. Qb3 Qg8 18. a5 Nd7 19. Nf5 Rff8 20. Qc2 Rfe8 21. Bd2
Bf8 22. Re2 Qe6 23. Ng3 Qf7 24. Rae1 Rad8 25. h4 h5 26. Bc1 Be7 27. Re4 Nf8 28.
Qe2 Bd6 29. Qc2 g6 30. R4e2 Nh7 31. Be3 Be7 32. Ne4 f5 33. Nc5 Bxc5 34. Bxc5
Nf6 35. Rd1 Qd7 36. Ree1 Kg8 37. Be3 Nd5 38. Bg5 Ra8 39. Rd2 Re6 40. Rde2 Rae8
41. Bd2 Nf6 42. Bg5 Nh7 43. Bc1 Nf6 44. Qa2 Kg7 45. d4 e4 46. Ng5 R6e7 47. Nh3
Nd5 48. Qb2 Kg8 49. Qb3 Kg7 50. Bg5 Rf7 51. c4 Nf6 52. Rd2 Ng4 53. Nf4 Kh7 54.
Qc3 Rff8 55. Rdd1 Qg7 56. Qd2 Rf7 57. d5 Nce5 58. Qe2 Rd7 59. f3 Nf6 60. Ne6
Qh8 61. Bxf6 Qxf6 62. Ng5+ Kg8 63. fxe4 Ng4 64. Qf3 Qd6 65. g3 Qxb4 66. Qd3 Ne5
67. Qd4 Qxc4 68. exf5 Qxd4+ 69. Rxd4 gxf5 70. Rd2 Rde7 71. Rb2 Nf3+ 72. Nxf3
Rxe1+ 73. Nxe1 Rxe1+ 74. Kf2 Ra1 75. Rxb7 Rxa5 76. Rxc7 Rxd5 77. Ke3 a5 1/2-1/2

[Event "LXIX C.to Italiano"]
[Site "Sarre ITA"]
[Date "2009.12.03"]
[Round "10"]
[White "Brunello, Sabino"]
[Black "Vocaturo, Daniele"]
[Result "1/2-1/2"]
[WhiteElo "2507"]
[BlackElo "2500"]
[PlyCount "106"]
[EventDate "2009.11.23"]

1. d4 Nf6 2. Bg5 e6 3. e4 h6 4. Bxf6 Qxf6 5. Nf3 Nc6 6. c3 g5 7. Bd3 d6 8. Na3
Bg7 9. Nc4 Bd7 10. Qb3 O-O-O 11. O-O g4 12. Nfd2 h5 13. f4 gxf3 14. Rxf3 Qe7
15. Raf1 Rdf8 16. Qa3 Kb8 17. e5 Bh6 18. exd6 cxd6 19. Ne4 d5 20. Qxe7 Nxe7 21.
Nf6 dxc4 22. Nxd7+ Kc8 23. Nxf8 cxd3 24. Rxf7 d2 25. Nxe6 Nd5 26. Rd1 Re8 27.
Nc5 Re1+ 28. Rf1 Re2 29. Nd3 Ne3 30. Rf2 Nxd1 31. Rxe2 Nxc3 32. Rxd2 Bxd2 33.
bxc3 Bxc3 34. d5 Kc7 35. Kf2 Kd6 36. Ke3 Kxd5 37. Nf4+ Kc4 38. Nxh5 b5 39. g4
b4 40. g5 a5 41. Nf6 Bd4+ 42. Ke2 Kc3 43. h4 a4 44. h5 b3 45. axb3 a3 46. h6 a2
47. h7 a1=Q 48. h8=Q Qa6+ 49. Kf3 Qf1+ 50. Kg4 Qg2+ 51. Kf5 Qc2+ 52. Kg4 Qg2+
53. Kf5 Qc2+ 1/2-1/2

[Event "LXIX C.to Italiano"]
[Site "Sarre ITA"]
[Date "2009.12.03"]
[Round "10"]
[White "Genocchio, Daniele"]
[Black "Bruno, Fabio"]
[Result "1-0"]
[WhiteElo "2464"]
[BlackElo "2460"]
[PlyCount "83"]
[EventDate "2009.11.23"]

1. e4 c5 2. Nf3 e6 3. d4 cxd4 4. Nxd4 a6 5. f4 d5 6. e5 Nc6 7. Nc3 Nge7 8. Be3
Nxd4 9. Bxd4 Nc6 10. Bf2 b5 11. Bd3 Be7 12. O-O g6 13. Qg4 Nb4 14. Rfd1 Bb7 15.
Ne2 Nxd3 16. Rxd3 b4 17. Nd4 Rc8 18. Rad1 Rc4 19. b3 Rc5 20. Rh3 Ra5 21. Ra1
Qc7 22. Qd1 Kd7 23. a4 Rc5 24. Bh4 Bxh4 25. Rxh4 Rc3 26. Qd2 h5 27. Re1 Rc8 28.
Kh1 Qc5 29. Re2 a5 30. f5 gxf5 31. h3 Ba6 32. Rf2 Rh8 33. Qf4 Qf8 34. Kh2 Qg7
35. Nf3 Rhc8 36. Rxh5 Rxc2 37. Qh4 R8c3 38. Rh7 Qg6 39. Rh8 Kc6 40. Nd4+ Kb7
41. Rxc2 Bf1 42. Qe7+ 1-0

[Event "LXIX C.to Italiano"]
[Site "Sarre ITA"]
[Date "2009.12.03"]
[Round "10"]
[White "Godena, Michele"]
[Black "D'Amore, Carlo"]
[Result "1/2-1/2"]
[WhiteElo "2537"]
[BlackElo "2489"]
[PlyCount "31"]
[EventDate "2009.11.23"]

1. e4 e5 2. Nf3 Nc6 3. Bb5 Nf6 4. O-O Nxe4 5. Re1 Nd6 6. Nxe5 Be7 7. Bf1 Nxe5
8. Rxe5 O-O 9. d4 Bf6 10. Re1 Nf5 11. d5 Re8 12. Nd2 Rxe1 13. Qxe1 d6 14. c3
Bg5 15. Nf3 Bxc1 16. Rxc1 1/2-1/2

[Event "LXIX C.to Italiano"]
[Site "Sarre ITA"]
[Date "2009.12.03"]
[Round "10"]
[White "Ortega, Lexy"]
[Black "Valsecchi, Alessio"]
[Result "1/2-1/2"]
[WhiteElo "2459"]
[BlackElo "2336"]
[PlyCount "35"]
[EventDate "2009.11.23"]

1. Nf3 Nf6 2. c4 g6 3. g3 Bg7 4. Bg2 O-O 5. O-O d5 6. cxd5 Nxd5 7. d4 Nb6 8.
Nc3 Nc6 9. d5 Na5 10. Qc2 c6 11. dxc6 Nxc6 12. Rd1 Qc7 13. Qe4 Bf5 14. Qh4 Rad8
15. Bh6 Rxd1+ 16. Rxd1 Rd8 17. Rxd8+ Qxd8 18. Bxg7 1/2-1/2

[Event "LXIX C.to Italiano"]
[Site "Sarre ITA"]
[Date "2009.12.03"]
[Round "10"]
[White "Rombaldoni, Axel"]
[Black "Garcia Palermo, Carlos Horacio"]
[Result "1-0"]
[WhiteElo "2442"]
[BlackElo "2475"]
[PlyCount "69"]
[EventDate "2009.11.23"]

1. e4 e6 2. Qe2 b6 3. g3 Bb7 4. Bg2 g6 5. h4 h5 6. Nh3 Bg7 7. O-O c5 8. c3 Nc6
9. Na3 Nge7 10. Nc2 d5 11. d3 dxe4 12. dxe4 Ne5 13. Rd1 Qc8 14. Ne3 Ba6 15. Qc2
c4 16. b3 O-O 17. f4 Ng4 18. Nxg4 hxg4 19. Nf2 f5 20. Ba3 Re8 21. Rd6 Bb7 22.
Rad1 fxe4 23. Nxe4 Nf5 24. Qe2 cxb3 25. axb3 Bxe4 26. Qxe4 Qxc3 27. R6d3 Qc2
28. R1d2 Qb1+ 29. Kh2 Qa1 30. Be7 Kh7 31. Bg5 Rac8 32. Qb7 Rc3 33. h5 Rxd3 34.
Qf7 Rxd2 35. hxg6+ 1-0

[Event "LXIX C.to Italiano"]
[Site "Sarre ITA"]
[Date "2009.12.03"]
[Round "10"]
[White "Stella, Andrea"]
[Black "Rombaldoni, Denis"]
[Result "0-1"]
[WhiteElo "2346"]
[BlackElo "2504"]
[PlyCount "360"]
[EventDate "2009.11.23"]

1. Nf3 Nf6 2. c4 e6 3. Nc3 Bb4 4. Qc2 O-O 5. a3 Bxc3 6. Qxc3 d5 7. e3 a5 8. b3
b6 9. Bb2 Bb7 10. Be2 c5 11. Ne5 Qc7 12. O-O Rd8 13. cxd5 Nxd5 14. Qc2 a4 15.
d4 Nc6 16. Nxc6 Qxc6 17. Bf3 axb3 18. Qxb3 c4 19. Qc2 b5 20. Bc3 Qd7 21. Bxd5
exd5 22. Bb4 Ra6 23. Rae1 Re8 24. Re2 Rg6 25. f3 Bc6 26. Bc5 Qe6 27. Rfe1 Qf6
28. e4 Qxf3 29. e5 Qh5 30. Rf2 Rh6 31. h3 Bd7 32. Re3 Qg5 33. Qc3 Be6 34. Ref3
Ra8 35. Kh2 Qd8 36. Qe3 Rg6 37. Rf4 h6 38. R2f3 Rc8 39. Qc3 Kh7 40. Bb4 Qg5 41.
Rf2 Kg8 42. R4f3 Qh4 43. Rf4 Qh5 44. Bd6 Rg5 45. Qf3 Qg6 46. Bb4 Rc7 47. Bd6
Rc8 48. Bb4 Rc6 49. Bc3 Ra6 50. Bb4 Ra7 51. Bc5 Rb7 52. Bb4 Rd7 53. Bc3 Qb1 54.
Bb4 Rc7 55. Rf1 Qc2 56. Bd6 Rb7 57. Bb4 Kh7 58. Rf2 Qa4 59. Bd6 Qa8 60. Bb4 Qc8
61. Bc3 Ra7 62. Bb4 Ra6 63. Rf1 Rc6 64. Bc3 Qc7 65. Kh1 Qa7 66. Bb4 Kg8 67. Kh2
Kh8 68. Rf2 Qd7 69. Bc3 Kg8 70. Bb4 Qa7 71. Rf1 Rc8 72. Rf2 Rg6 73. Rf1 Kh7 74.
Rf2 Rc6 75. Rf1 Qc7 76. Kh1 Qd8 77. Bc3 Qg5 78. Kh2 Ra6 79. Bb4 Ra8 80. Rf2 Re8
81. Bd2 Qd8 82. Bb4 Rg8 83. Qe3 h5 84. Qf3 h4 85. Be1 Rh6 86. Rf1 g5 87. Rf6
Rxf6 88. Qxf6 Qxf6 89. Rxf6 g4 90. Rf4 Ra8 91. Bb4 c3 92. hxg4 c2 93. Rf1 Bxg4
94. Rxf7+ Kg6 95. Rf6+ Kg7 96. Bd2 Rxa3 97. Rc6 Bf5 98. e6 Rd3 99. Rxc2 Bxe6
100. Be1 Kg6 101. Rc5 Rxd4 102. Rxb5 Re4 103. Bf2 Rf4 104. Kg1 Kf5 105. Rb8 Ra4
106. Rd8 Ke5 107. Rh8 h3 108. gxh3 Bf5 109. Rd8 Bxh3 110. Kh2 Bf5 111. Bb6 Be4
112. Kg3 Ra2 113. Re8+ Kd6 114. Kf4 Rh2 115. Ke3 Rh3+ 116. Kd2 Kc6 117. Be3 Bf5
118. Rf8 Rh2+ 119. Ke1 Bg4 120. Bf2 Rh1+ 121. Kd2 Rd1+ 122. Kc3 Be2 123. Rf6+
Kd7 124. Rf4 Ke6 125. Bd4 Bc4 126. Kc2 Rh1 127. Rf6+ Ke7 128. Rf4 Ba2 129. Kb2
Bb1 130. Kc3 Rd1 131. Bc5+ Ke6 132. Rf2 Rc1+ 133. Kb4 Rc4+ 134. Kb5 Bd3 135.
Rd2 Bf1 136. Kc6 Rc1 137. Rd4 Bc4 138. Rh4 Be2 139. Rh6+ Ke5 140. Rh4 Rb1 141.
Rb4 Rh1 142. Bd4+ Ke6 143. Rb3 Bc4 144. Rf3 Rd1 145. Kc5 Ba2 146. Rf6+ Ke7 147.
Rf3 Rc1+ 148. Rc3 Rf1 149. Re3+ Kd7 150. Ra3 Bc4 151. Rg3 Rb1 152. Bc3 Ke6 153.
Rf3 Rb5+ 154. Kd4 Rb8 155. Be1 Ba2 156. Rf2 Ra8 157. Bc3 Ra4+ 158. Kd3 Bb1+
159. Ke3 Re4+ 160. Kd2 d4 161. Kc1 Bd3 162. Bb4 Kd5 163. Bd2 Rh4 164. Be1 Rh3
165. Rf4 Be4 166. Rh4 Rb3 167. Ba5 Rb1+ 168. Kd2 Rb2+ 169. Kd1 Ra2 170. Bd2 d3
171. Be3 Re2 172. Bd2 Rg2 173. Rh8 Rg1+ 174. Be1 Kd4 175. Rh3 Bc6 176. Kd2 Rg2+
177. Kc1 Rc2+ 178. Kd1 Ra2 179. Bd2 Ra1+ 180. Bc1 Kc3 0-1

[Event "LXIX C.to Italiano"]
[Site "Sarre ITA"]
[Date "2009.12.04"]
[Round "11"]
[White "Bruno, Fabio"]
[Black "Stella, Andrea"]
[Result "1-0"]
[WhiteElo "2460"]
[BlackElo "2346"]
[PlyCount "69"]
[EventDate "2009.11.23"]

1. d4 Nf6 2. Nf3 e6 3. e3 b6 4. Bd3 Bb7 5. O-O d5 6. Ne5 Bd6 7. f4 O-O 8. Nd2
Ne4 9. Nxe4 dxe4 10. Be2 c5 11. b3 Nc6 12. Bb2 Bxe5 13. fxe5 Qg5 14. Qc1 Rfd8
15. c3 Rac8 16. Re1 Qh4 17. g3 Qh6 18. Bb5 Ne7 19. Bf1 Nf5 20. Bg2 Qg5 21. Qd1
h5 22. Qe2 g6 23. Rac1 Kg7 24. Qf2 Kh6 25. Qf4 Qxf4 26. gxf4 Rg8 27. Kf2 g5 28.
fxg5+ Rxg5 29. Bh3 Rcg8 30. dxc5 bxc5 31. Rg1 c4 32. Rxg5 Rxg5 33. Ba3 Nh4 34.
Be7 Rxe5 35. Bxh4 1-0

[Event "LXIX C.to Italiano"]
[Site "Sarre ITA"]
[Date "2009.12.04"]
[Round "11"]
[White "D'Amore, Carlo"]
[Black "Brunello, Sabino"]
[Result "0-1"]
[WhiteElo "2489"]
[BlackElo "2507"]
[PlyCount "74"]
[EventDate "2009.11.23"]

1. e4 c5 2. Nf3 e6 3. Nc3 a6 4. g3 b5 5. Bg2 Bb7 6. d3 Nc6 7. O-O Nge7 8. Ng5
h6 9. Nh3 g6 10. f4 Bg7 11. f5 exf5 12. exf5 Nxf5 13. Rxf5 gxf5 14. Qh5 Bxc3
15. bxc3 Qf6 16. Bd2 O-O-O 17. Rf1 Ne7 18. Nf4 Rhe8 19. Bxb7+ Kxb7 20. Ng2 Qg6
21. Qd1 Qg4 22. Qxg4 fxg4 23. Bxh6 Nc6 24. Rxf7 Ne5 25. Rf5 d5 26. Bf4 Nf3+ 27.
Kf2 d4 28. cxd4 cxd4 29. Rf7+ Ka8 30. Rg7 Rc8 31. Rxg4 Nxh2 32. Rg6 Rxc2+ 33.
Kg1 Nf3+ 34. Kf1 Rxa2 35. Rc6 Kb7 36. Rc7+ Kb6 37. Rc1 Ree2 0-1

[Event "LXIX C.to Italiano"]
[Site "Sarre ITA"]
[Date "2009.12.04"]
[Round "11"]
[White "Garcia Palermo, Carlos Horacio"]
[Black "Genocchio, Daniele"]
[Result "1/2-1/2"]
[WhiteElo "2475"]
[BlackElo "2464"]
[PlyCount "80"]
[EventDate "2009.11.23"]

1. d4 e6 2. c4 Nf6 3. Nc3 Bb4 4. e3 c5 5. Nge2 cxd4 6. exd4 d5 7. a3 Be7 8. Nf4
dxc4 9. Bxc4 O-O 10. O-O a6 11. Ba2 Bd6 12. Nh5 Nbd7 13. Bg5 Be7 14. Re1 Re8
15. Rc1 h6 16. d5 hxg5 17. dxe6 fxe6 18. Rxe6 Kh8 19. Qf3 Ne5 20. Rxe5 Bg4 21.
Qg3 Qd2 22. Rf1 Bxh5 23. Rxg5 Rad8 24. Nd5 Qe2 25. Re5 Ne4 26. Qh3 Bg5 27. Nc3
Nxc3 28. Rxe2 Nxe2+ 29. Kh1 Nf4 30. Qf5 Bh6 31. g4 Bg6 32. Qa5 Rd3 33. f3 b6
34. Qxb6 Bg5 35. Bb1 Rxf3 36. Rxf3 Re1+ 37. Qg1 Rxg1+ 38. Kxg1 Bxb1 39. h4 Bxh4
40. Rxf4 Bg5 1/2-1/2

[Event "LXIX C.to Italiano"]
[Site "Sarre ITA"]
[Date "2009.12.04"]
[Round "11"]
[White "Rombaldoni, Denis"]
[Black "Godena, Michele"]
[Result "1/2-1/2"]
[WhiteElo "2504"]
[BlackElo "2537"]
[PlyCount "63"]
[EventDate "2009.11.23"]

1. e4 e5 2. Nf3 Nc6 3. d4 exd4 4. Nxd4 Bb4+ 5. c3 Be7 6. Nf5 Bf6 7. Ne3 g6 8.
Nd5 Bg7 9. Na3 a6 10. Nc4 d6 11. Bg5 f6 12. Bh4 Nh6 13. Be2 O-O 14. O-O Be6 15.
Qd2 g5 16. Bg3 f5 17. exf5 Nxf5 18. Rae1 Ncd4 19. Nde3 Nxe2+ 20. Rxe2 Nxg3 21.
hxg3 Qd7 22. Nd5 Qf7 23. Rxe6 Qxe6 24. Re1 Qg4 25. Re7 Qxc4 26. Qxg5 Rf7 27. b3
Qd3 28. Nf6+ Kf8 29. Nd7+ Kg8 30. Nf6+ Kf8 31. Nd7+ Kg8 32. Nf6+ 1/2-1/2

[Event "LXIX C.to Italiano"]
[Site "Sarre ITA"]
[Date "2009.12.04"]
[Round "11"]
[White "Valsecchi, Alessio"]
[Black "Rombaldoni, Axel"]
[Result "1/2-1/2"]
[WhiteElo "2336"]
[BlackElo "2442"]
[PlyCount "26"]
[EventDate "2009.11.23"]

1. c4 c5 2. Nf3 Nf6 3. g3 g6 4. Bg2 Bg7 5. O-O O-O 6. d4 d6 7. b3 cxd4 8. Nxd4
Qc7 9. Bb2 Nc6 10. Nc3 Bd7 11. Nd5 Nxd5 12. cxd5 Nxd4 13. Bxd4 Bxd4 1/2-1/2

[Event "LXIX C.to Italiano"]
[Site "Sarre ITA"]
[Date "2009.12.04"]
[Round "11"]
[White "Vocaturo, Daniele"]
[Black "Ortega, Lexy"]
[Result "1/2-1/2"]
[WhiteElo "2500"]
[BlackElo "2459"]
[PlyCount "26"]
[EventDate "2009.11.23"]

1. e4 e5 2. Nf3 Nc6 3. Bb5 a6 4. Ba4 Nf6 5. Qe2 b5 6. Bb3 Be7 7. O-O O-O 8. c3
d5 9. d3 h6 10. Nbd2 Re8 11. Re1 Be6 12. exd5 Bxd5 13. Nf1 Bf8 1/2-1/2

[Event "II Festival Dioscuri A"]
[Site "Agrigento ITA"]
[Date "2009.11.13"]
[Round "1"]
[White "Arnetta, Maria Teresa"]
[Black "Gigante, Giovanni"]
[Result "1-0"]
[WhiteElo "2046"]
[BlackElo "1692"]
[PlyCount "61"]
[EventDate "2009.11.13"]

1. e4 c6 2. d4 d5 3. Nc3 dxe4 4. Nxe4 Bf5 5. Ng3 Bg6 6. Nh3 Nf6 7. Nf4 Qa5+ 8.
c3 Be4 9. Nxe4 Nxe4 10. Bd3 Nf6 11. Qb3 Qb6 12. O-O Qxb3 13. axb3 g5 14. Ne2 h6
15. Ng3 Nbd7 16. b4 e6 17. Re1 Be7 18. f4 gxf4 19. Bxf4 Nd5 20. Bd2 Bg5 21.
Bxg5 hxg5 22. Ne4 Nf4 23. Bf1 Ke7 24. g3 Nh3+ 25. Bxh3 Rxh3 26. Nxg5 Rhh8 27.
Re2 Rag8 28. Nf3 a6 29. Rf1 Rh6 30. Nd2 f5 31. Rxf5 1-0

[Event "II Festival Dioscuri A"]
[Site "Agrigento ITA"]
[Date "2009.11.13"]
[Round "1"]
[White "Bentivegna, Francesco"]
[Black "Amico, Rosario"]
[Result "1-0"]
[WhiteElo "2303"]
[BlackElo "1940"]
[PlyCount "41"]
[EventDate "2009.11.13"]

1. e4 c5 2. Nc3 Nc6 3. Bb5 g6 4. Bxc6 dxc6 5. d3 Bg7 6. Be3 b6 7. Qd2 e5 8.
O-O-O Ne7 9. f4 f5 10. fxe5 Bxe5 11. Nf3 Bg7 12. Bh6 O-O 13. e5 Be6 14. h4 Nd5
15. Ne2 Qe7 16. h5 Bxh6 17. Qxh6 Qg7 18. hxg6 hxg6 19. Ng5 Qxh6 20. Rxh6 Kg7
21. Nxe6+ 1-0

[Event "II Festival Dioscuri A"]
[Site "Agrigento ITA"]
[Date "2009.11.13"]
[Round "1"]
[White "Caizzone, Vito"]
[Black "Furnari, Francesco"]
[Result "1-0"]
[WhiteElo "2149"]
[BlackElo "1861"]
[PlyCount "67"]
[EventDate "2009.11.13"]

1. e4 e5 2. Nf3 Nc6 3. Bc4 Bc5 4. c3 Nf6 5. d4 exd4 6. cxd4 Bb4+ 7. Bd2 Qe7 8.
O-O Bxd2 9. Nbxd2 O-O 10. e5 Ne8 11. Re1 Na5 12. Bd3 d6 13. Qa4 Nc6 14. exd6
Qxd6 15. Ne4 Qd8 16. Rad1 Nf6 17. h3 h6 18. Nxf6+ Qxf6 19. d5 Ne7 20. Qe4 Ng6
21. Rc1 Qd6 22. Ne5 f5 23. Qd4 Nxe5 24. Qxe5 Bd7 25. Rxc7 Qxe5 26. Rxe5 Rae8
27. f4 Bc8 28. d6 Rxe5 29. fxe5 Rd8 30. Bc4+ Kh7 31. e6 Bxe6 32. Bxe6 Rxd6 33.
Bxf5+ Kg8 34. Rxb7 1-0

[Event "II Festival Dioscuri A"]
[Site "Agrigento ITA"]
[Date "2009.11.13"]
[Round "1"]
[White "Caruso, Antonino"]
[Black "La Bella, Roberto"]
[Result "0-1"]
[WhiteElo "1717"]
[BlackElo "2097"]
[PlyCount "104"]
[EventDate "2009.11.13"]

1. c4 e5 2. Nc3 Nf6 3. g3 Nc6 4. Bg2 Bc5 5. Na4 Be7 6. d3 O-O 7. Nc3 d6 8. e3
Bf5 9. Nge2 Nb4 10. e4 Bg4 11. O-O Qc8 12. a3 Nc6 13. f3 Bh5 14. Be3 h6 15. Qd2
Na5 16. Qc2 c5 17. f4 Bxe2 18. Nxe2 Ng4 19. Bd2 Nc6 20. h3 Nf6 21. f5 Nd7 22.
Rab1 a5 23. Nc3 Qd8 24. Nd5 Bg5 25. h4 Nd4 26. Qc1 Bxd2 27. Qxd2 Nb6 28. Ne3
Nd7 29. Qf2 Rb8 30. g4 g5 31. f6 b5 32. Nf5 Qxf6 33. hxg5 Qxg5 34. Nxd6 Qxg4
35. Kh2 Rb6 36. Nxb5 Rf6 37. Qg3 Qxg3+ 38. Kxg3 Ne2+ 39. Kh2 Rg6 40. Bh3 Nf6
41. Nc7 Nf4 42. Rf3 Kh8 43. Bf5 Rg2+ 44. Kh1 N6h5 45. Na6 Rfg8 46. Nxc5 Ng3+
47. Rxg3 R2xg3 48. Rf1 R3g5 49. Rf2 Ng2 50. Kh2 Ne1 51. Nd7 Nxd3 52. c5 Nxf2
0-1

[Event "II Festival Dioscuri A"]
[Site "Agrigento ITA"]
[Date "2009.11.13"]
[Round "1"]
[White "Culle', Salvatore"]
[Black "Kizov, Atanas"]
[Result "0-1"]
[WhiteElo "1996"]
[BlackElo "2415"]
[PlyCount "56"]
[EventDate "2009.11.13"]

1. d4 Nf6 2. c4 g6 3. Nc3 Bg7 4. e4 d6 5. Nf3 O-O 6. Be2 c6 7. O-O a6 8. Bg5 h6
9. Bh4 g5 10. Bg3 Nh5 11. h4 Nxg3 12. fxg3 g4 13. Nh2 Qb6 14. Bxg4 Qxd4+ 15.
Kh1 Qxd1 16. Raxd1 Nd7 17. Bxd7 Bxd7 18. c5 Be5 19. cxd6 exd6 20. Ne2 Be6 21.
b3 a5 22. Nf4 a4 23. Nxe6 fxe6 24. Ng4 Rxf1+ 25. Rxf1 axb3 26. axb3 Bxg3 27.
Nf6+ Kh8 28. h5 28... Kg7 {...} 0-1

[Event "II Festival Dioscuri A"]
[Site "Agrigento ITA"]
[Date "2009.11.13"]
[Round "1"]
[White "Dragojlovic, Andjelko"]
[Black "Russo, Alfio"]
[Result "1-0"]
[WhiteElo "2394"]
[BlackElo "1968"]
[PlyCount "27"]
[EventDate "2009.11.13"]

1. e4 c5 2. Nf3 d6 3. c3 Nf6 4. Be2 Nc6 5. d4 Qc7 6. O-O g6 7. Bf4 b6 8. e5 Nh5
9. exd6 exd6 10. Bg5 Bg7 11. d5 Nd8 12. Bb5+ Kf8 13. Re1 Nf6 14. Qe2 1-0